[Event "Karpos Open 2013"]
[Site "Skopje MKD"]
[Date "2013.03.10"]
[Round "2.19"]
[White "Brkic, Ante"]
[Black "Kanmazalp, Ogulcan"]
[Result "1/2-1/2"]
[WhiteTitle "GM"]
[BlackTitle "IM"]
[WhiteElo "2584"]
[BlackElo "2372"]
[WhiteFideId "14506688"]
[BlackFideId "6304990"]
[EventDate "2013.03.09"]

1. e4 e5 2. Nf3 Nc6 3. Bb5 a6 4. Ba4 Nf6 5. O-O Nxe4 6. d4 b5 7. Bb3 d5 8. dxe5
Be6 9. Qe2 Be7 10. Rd1 O-O 11. c4 bxc4 12. Bxc4 Bc5 13. Be3 Bxe3 14. Qxe3 Qb8
15. Bb3 Na5 16. Nbd2 Qa7 17. Rac1 Qxe3 18. fxe3 c5 19. Nxe4 Nxb3 20. Nf6+ gxf6
21. axb3 fxe5 22. Rxc5 Rab8 23. Rc3 f6 24. Rc6 Bg4 25. Rxd5 Bxf3 26. gxf3 Rxb3
27. Kf2 Rxb2+ 28. Kg3 Rb3 29. Kf2 Rb2+ 1/2-1/2

[Event "Karpos Open 2013"]
[Site "Skopje MKD"]
[Date "2013.03.10"]
[Round "2.21"]
[White "Palac, Mladen"]
[Black "Dastan, Muhammed Batuhan"]
[Result "1-0"]
[WhiteTitle "GM"]
[BlackTitle "FM"]
[WhiteElo "2572"]
[BlackElo "2371"]
[WhiteFideId "14500116"]
[BlackFideId "6300014"]
[EventDate "2013.03.09"]

1. e4 c5 2. Nf3 d6 3. d4 Nf6 4. dxc5 Nxe4 5. cxd6 Nc6 6. Be3 Nxd6 7. Nc3 Bg4 8.
h3 Bh5 9. g4 Bg6 10. Nd4 Nxd4 11. Qxd4 a6 12. O-O-O f6 13. f4 Qa5 14. f5 Bf7 15.
Bf4 O-O-O 16. Bg2 Qc7 17. Rhe1 h5 18. Bd5 Be8 19. Be6+ Kb8 20. Be3 b5 21. Nd5
Qb7 22. Nb4 Bf7 23. Nc6+ 1-0

[Event "Karpos Open 2013"]
[Site "Skopje MKD"]
[Date "2013.03.10"]
[Round "2.22"]
[White "Nabaty, Tamir"]
[Black "Vujic, Mihailo"]
[Result "1-0"]
[WhiteTitle "GM"]
[BlackTitle "FM"]
[WhiteElo "2566"]
[BlackElo "2361"]
[WhiteFideId "2809052"]
[BlackFideId "918873"]
[EventDate "2013.03.09"]

1. e4 e5 2. Nf3 Nc6 3. Bc4 Nf6 4. Ng5 d5 5. exd5 Nd4 6. c3 b5 7. Bf1 Nxd5 8.
cxd4 Qxg5 9. Bxb5+ Kd8 10. O-O Bb7 11. Qf3 exd4 12. d3 Nf4 13. Bxf4 Qxb5 14. Qg3
Rc8 15. Na3 Qd5 16. Rac1 c5 17. Rfe1 f6 18. Nc4 g5 19. Bd6 Bxd6 20. Nxd6 Rc7 21.
b4 Ba8 22. Nb5 Rc8 23. Nxa7 Rc7 24. Nb5 Rc8 25. Rxc5 1-0

[Event "Karpos Open 2013"]
[Site "Skopje MKD"]
[Date "2013.03.10"]
[Round "2.25"]
[White "Videnova, Iva"]
[Black "Kovacevic, Aleksandar"]
[Result "0-1"]
[WhiteTitle "WGM"]
[BlackTitle "GM"]
[WhiteElo "2329"]
[BlackElo "2563"]
[WhiteFideId "2907763"]
[BlackFideId "903124"]
[EventDate "2013.03.09"]

1. e4 c5 2. Nf3 d6 3. d4 cxd4 4. Nxd4 Nf6 5. Nc3 e6 6. Bg5 Be7 7. Qd2 a6 8. f4
b5 9. e5 dxe5 10. fxe5 Nfd7 11. Bxe7 Qxe7 12. Qf4 Bb7 13. O-O-O Nc6 14. Nxc6
Bxc6 15. Ne4 Bxe4 16. Qxe4 Qg5+ 17. Kb1 Rd8 18. a4 O-O 19. Bd3 g6 20. axb5 Nc5
21. Qe2 Nxd3 22. Rxd3 Rxd3 23. cxd3 axb5 24. h4 Qf4 25. h5 Ra8 26. hxg6 hxg6 27.
Qe4 Qxe4 28. dxe4 Ra4 29. Re1 Rc4 30. Re3 Rc5 31. Rb3 Rxe5 32. Rb4 Kf8 33. Kc2
Ke7 34. Kd3 Kd6 35. Rd4+ Kc7 36. Kc3 Kc6 37. g3 Rc5+ 38. Kd3 Rg5 0-1

[Event "Karpos Open 2013"]
[Site "Skopje MKD"]
[Date "2013.03.10"]
[Round "2.26"]
[White "Damljanovic, Branko"]
[Black "Zozulia, Anna"]
[Result "1-0"]
[WhiteTitle "GM"]
[BlackTitle "IM"]
[WhiteElo "2562"]
[BlackElo "2336"]
[WhiteFideId "900125"]
[BlackFideId "14102110"]
[EventDate "2013.03.09"]

1. Nf3 Nf6 2. c4 d6 3. d4 Nbd7 4. g3 g6 5. Bg2 Bg7 6. O-O O-O 7. Nc3 e5 8. e4 c6
9. b3 exd4 10. Nxd4 Re8 11. h3 a5 12. Re1 Nc5 13. Rb1 Qc7 14. Bf4 Nfd7 15. Re2
Ne5 16. Rd2 Qe7 17. Be3 h5 18. f4 Ned7 19. Bf2 Nf8 20. Qf1 Nfe6 21. Nde2 h4 22.
Rbd1 hxg3 23. Bxg3 f5 24. exf5 gxf5 25. Rxd6 Nf8 26. Qf2 Nce6 27. Na4 Ng6 28. c5
Qf7 29. Bf3 Nef8 30. Nb6 Rb8 31. h4 Be6 32. h5 Ne7 33. Nd4 Rbd8 34. Nxf5 Nxf5
35. Rxd8 Rxd8 36. Rxd8 Bf6 37. Rd1 Qg7 38. Kh2 Bd4 39. Rxd4 Nxd4 40. Bh4 Nxf3+
41. Qxf3 Bg4 42. Qg3 Nd7 43. Nc4 Bxh5 44. Nxa5 Qxg3+ 45. Kxg3 Nxc5 46. Be7 Ne4+
47. Kh4 Bf7 48. Nxb7 Nc3 49. a4 Bxb3 50. a5 Bc4 51. Nd6 Bd3 52. f5 Nb5 53. a6 c5
54. Nxb5 Bxb5 55. a7 Bc6 56. Bxc5 Kf7 57. Kg5 Ba8 58. Kf4 Kf6 59. Bd4+ Ke7 60.
Kg5 Bc6 61. f6+ Kd7 62. Bc5 1-0

[Event "Karpos Open 2013"]
[Site "Skopje MKD"]
[Date "2013.03.10"]
[Round "2.27"]
[White "Cabarkapa, Novak"]
[Black "Solodovnichenko, Yuri"]
[Result "1-0"]
[WhiteTitle "FM"]
[BlackTitle "GM"]
[WhiteElo "2321"]
[BlackElo "2559"]
[WhiteFideId "943746"]
[BlackFideId "14104369"]
[EventDate "2013.03.09"]

1. e4 c5 2. Nc3 a6 3. f4 b5 4. g3 Bb7 5. Bg2 h5 6. d3 e6 7. Nf3 Be7 8. h3 d6 9.
Qe2 Qc7 10. O-O Nc6 11. f5 Nd4 12. Nxd4 cxd4 13. fxe6 fxe6 14. Nd1 Bf6 15. c3
Ne7 16. Bf3 Kd7 17. Bxh5 dxc3 18. Bg4 d5 19. Bf4 Qc5+ 20. Kh2 c2 21. e5 Ng6 22.
exf6 Nxf4 23. Rxf4 c1=Q 24. Qxe6+ Kc7 25. Rxc1 Qxc1 26. fxg7 Rhg8 27. Rf7+ Kb8
28. Qb6 1-0

[Event "Karpos Open 2013"]
[Site "Skopje MKD"]
[Date "2013.03.10"]
[Round "2.29"]
[White "Goriatchkin, Jouri"]
[Black "Jumabayev, Rinat"]
[Result "0-1"]
[WhiteTitle "FM"]
[BlackTitle "GM"]
[WhiteElo "2302"]
[BlackElo "2554"]
[WhiteFideId "4120183"]
[BlackFideId "13702661"]
[EventDate "2013.03.09"]

1. d4 Nf6 2. c4 e6 3. g3 d5 4. Bg2 dxc4 5. Qa4+ c6 6. Qxc4 b5 7. Qc2 Bb7 8. Nf3
Nbd7 9. O-O c5 10. Rd1 Rc8 11. Qb3 a6 12. Be3 c4 13. Qc2 Be7 14. Nbd2 Nd5 15.
Nf1 O-O 16. Bd2 N5f6 17. Ng5 Bxg2 18. Kxg2 Qb6 19. e4 h6 20. Nf3 Qc6 21. Re1 b4
22. h3 Rfd8 23. g4 c3 24. bxc3 bxc3 25. Bc1 Nb6 26. a4 Nc4 27. Ng3 Bb4 28. g5
hxg5 29. Bxg5 Nd2 30. Bxf6 gxf6 31. d5 exd5 32. Nd4 Qc4 33. Ngf5 dxe4 34. Qd1
Rxd4 35. Qg4+ Kf8 36. Nxd4 Rc5 37. Nf5 Qe6 38. Qg7+ Ke8 39. Qg8+ Kd7 40. Ng3 f5
41. a5 f4 42. Qb8 fxg3 43. Qxb4 Qd5 44. Re3 gxf2 45. Kxf2 Rc4 46. Qb8 Rc7 47.
Rc1 Nf3 48. Rc2 Qe5 49. Qg8 f5 50. Qf7+ Kc8 51. Qf8+ Kb7 52. Rb2+ cxb2 53. Rb3+
Kc6 54. Rb6+ Kd5 55. Qd8+ Kc4 0-1

[Event "Karpos Open 2013"]
[Site "Skopje MKD"]
[Date "2013.03.10"]
[Round "2.30"]
[White "Saric, Ante"]
[Black "Csonka, Balazs"]
[Result "1-0"]
[WhiteTitle "GM"]
[BlackTitle "FM"]
[WhiteElo "2549"]
[BlackElo "2319"]
[WhiteFideId "14506254"]
[BlackFideId "742910"]
[EventDate "2013.03.09"]

1. c4 c5 2. g3 g6 3. Bg2 Bg7 4. Nc3 Nc6 5. Nf3 e6 6. d4 cxd4 7. Nb5 d5 8. cxd5
Qa5+ 9. Nd2 Qxb5 10. dxc6 Ne7 11. a4 Qb6 12. Nc4 Qb4+ 13. Bd2 Qxc4 14. cxb7 Bxb7
15. Bxb7 Rb8 16. b3 Qc5 17. Rc1 Qb6 18. Be4 O-O 19. O-O Nd5 20. Bxd5 exd5 21. b4
Rfe8 22. b5 a6 23. Rc6 Qb7 24. Rxa6 Qe7 25. Bf4 Rbc8 26. a5 Be5 27. Bxe5 Qxe5
28. b6 h5 29. b7 Rb8 30. Rb6 Re6 31. Qb3 Qc7 32. Rxe6 fxe6 33. a6 Qa5 34. Qd3 1-0

[Event "Karpos Open 2013"]
[Site "Skopje MKD"]
[Date "2013.03.10"]
[Round "2.31"]
[White "Strugnell, Carl"]
[Black "Mikhalevski, Victor"]
[Result "1-0"]
[WhiteTitle "FM"]
[BlackTitle "GM"]
[WhiteElo "2301"]
[BlackElo "2548"]
[WhiteFideId "616753"]
[BlackFideId "2801914"]
[EventDate "2013.03.09"]

1. e4 e5 2. Nf3 Nc6 3. Bb5 Nf6 4. d3 d6 5. O-O g6 6. d4 Bd7 7. d5 Nb8 8. Bxd7+
Nbxd7 9. Re1 Bg7 10. c4 O-O 11. Nc3 h6 12. Rb1 a5 13. a3 Nh5 14. Be3 Ndf6 15.
Nd2 Nf4 16. Rf1 N6h5 17. c5 f5 18. Nc4 Kh7 19. Kh1 fxe4 20. cxd6 cxd6 21. g3 Qc7
22. b3 a4 23. Bb6 Qd7 24. Nxe4 axb3 25. gxf4 Rxf4 26. f3 Raf8 27. Rxb3 Qh3 28.
Nexd6 Rh4 1-0

[Event "Karpos Open 2013"]
[Site "Skopje MKD"]
[Date "2013.03.10"]
[Round "2.32"]
[White "Nevednichy, Vladislav"]
[Black "Ben Artzi, Ido"]
[Result "1-0"]
[WhiteTitle "GM"]
[WhiteElo "2548"]
[BlackElo "2307"]
[WhiteFideId "1205730"]
[BlackFideId "2810913"]
[EventDate "2013.03.09"]

1. c4 g6 2. g3 Bg7 3. Bg2 c5 4. Nc3 Nc6 5. Nf3 d6 6. O-O Nh6 7. d4 cxd4 8. Bxh6
Bxh6 9. Nxd4 Bd7 10. c5 dxc5 11. Nxc6 bxc6 12. Na4 O-O 13. Qc2 Qc7 14. Nxc5 Bf5
15. Be4 Bh3 16. Rfd1 Rfd8 17. b3 Rd6 18. Rxd6 exd6 19. Nd3 Rc8 20. Bg2 Bf5 21.
Rd1 Qe7 22. Bf3 c5 23. Qc4 Be6 24. Bd5 Re8 25. e3 Bg7 26. Ne1 Rd8 27. Nc2 Bxd5
28. Rxd5 Qf6 29. Kg2 1-0

[Event "Karpos Open 2013"]
[Site "Skopje MKD"]
[Date "2013.03.10"]
[Round "2.34"]
[White "Jankovic, Alojzije"]
[Black "Piskur, Mitja"]
[Result "1-0"]
[WhiteTitle "GM"]
[BlackTitle "FM"]
[WhiteElo "2538"]
[BlackElo "2301"]
[WhiteFideId "14505959"]
[BlackFideId "14600943"]
[EventDate "2013.03.09"]

1. d4 f5 2. Nc3 d5 3. Bf4 a6 4. e3 Nf6 5. Nf3 e6 6. Bd3 c5 7. O-O Nc6 8. dxc5
Bxc5 9. Ne2 Qb6 10. Rb1 O-O 11. b4 Be7 12. c4 Qd8 13. a3 Ne4 14. h3 Bf6 15. Qb3
g5 16. Bh2 g4 17. hxg4 fxg4 18. Bxe4 dxe4 19. Rfd1 Qe8 20. Nd2 Qg6 21. Qc2 e5
22. Qxe4 Bf5 23. Qd5+ Kh8 24. e4 Bc8 25. b5 axb5 26. cxb5 Rd8 27. Qc5 Nd4 28.
Nxd4 exd4 29. Nc4 g3 30. Bxg3 Qg4 31. Ne5 Qh5 32. Rxd4 Re8 33. Rd5 Bg7 34. Nc4
Qg6 35. Nd6 Rf8 36. Rg5 Qe6 37. Qc7 Bf6 1-0

[Event "Karpos Open 2013"]
[Site "Skopje MKD"]
[Date "2013.03.10"]
[Round "2.36"]
[White "Dvirnyy, Danyyil"]
[Black "Organdziev, Oliver"]
[Result "1-0"]
[WhiteTitle "IM"]
[BlackTitle "FM"]
[WhiteElo "2530"]
[BlackElo "2293"]
[WhiteFideId "817570"]
[BlackFideId "15000419"]
[EventDate "2013.03.09"]

1. d4 d5 2. c4 Bf5 3. cxd5 Bxb1 4. Qa4+ Qd7 5. Qxd7+ Nxd7 6. Rxb1 Ngf6 7. b4
Nxd5 8. Bd2 f5 9. e3 e6 10. Bd3 g6 11. Nf3 Be7 12. Ke2 O-O 13. b5 N7b6 14. Rhc1
Bd6 15. g3 Rfe8 16. Rc2 Kg7 17. Ne5 Kf6 18. f3 Kg7 19. e4 Nf6 20. a4 Rad8 21. a5
Na8 22. a6 Rb8 23. axb7 Rxb7 24. Nc6 fxe4 25. fxe4 e5 26. dxe5 Bxe5 27. Nxe5
Rxe5 28. Bc3 Re6 29. Rf1 Nb6 30. Bd4 Rd6 31. Ke3 c5 32. bxc6 Re7 33. Rc5 Na4 34.
Bxf6+ Rxf6 35. c7 Nxc5 36. c8=Q Nxe4 37. Qd8 Ree6 38. Qd7+ 1-0

[Event "Karpos Open 2013"]
[Site "Skopje MKD"]
[Date "2013.03.10"]
[Round "2.37"]
[White "Djoric, Dusan"]
[Black "Popilski, Gil"]
[Result "1/2-1/2"]
[WhiteTitle "FM"]
[BlackTitle "GM"]
[WhiteElo "2270"]
[BlackElo "2520"]
[WhiteFideId "902136"]
[BlackFideId "2809060"]
[EventDate "2013.03.09"]

1. d4 Nf6 2. c4 g6 3. Nf3 Bg7 4. Nc3 d5 5. cxd5 Nxd5 6. Bd2 O-O 7. e4 Nxc3 8.
Bxc3 Bg4 9. Be2 c5 10. d5 Bxc3+ 11. bxc3 Bxf3 12. Bxf3 Qd6 13. Rb1 b6 14. O-O
Nd7 15. g3 Rfd8 16. Bg2 e5 17. f4 c4 18. Qe2 Qc5+ 19. Kh1 b5 20. Bh3 exf4 21.
Bxd7 Rxd7 22. Rxf4 Re8 23. Qf3 f5 24. Rd1 fxe4 25. Rxe4 Rf8 26. Rf4 Rxf4 27.
gxf4 Qe7 28. Kg2 a5 29. Rd4 Kg7 30. a4 bxa4 31. Rxc4 a3 32. Ra4 Qe1 33. Rxa3
Qd2+ 34. Kg3 Rxd5 35. c4 Rd7 36. Qe3 Qxe3+ 37. Rxe3 Rc7 1/2-1/2

[Event "Karpos Open 2013"]
[Site "Skopje MKD"]
[Date "2013.03.10"]
[Round "2.40"]
[White "Tratar, Marko"]
[Black "Hadzimanolis, Antonios"]
[Result "1-0"]
[WhiteTitle "GM"]
[BlackTitle "FM"]
[WhiteElo "2512"]
[BlackElo "2289"]
[WhiteFideId "14600684"]
[BlackFideId "4202813"]
[EventDate "2013.03.09"]

1. c4 Nf6 2. Nc3 d6 3. d4 Nbd7 4. e4 e5 5. d5 Nc5 6. f3 a5 7. Be3 Be7 8. Qd2 O-O
9. Nge2 Ne8 10. g4 c6 11. O-O-O Nc7 12. Ng3 cxd5 13. exd5 b6 14. g5 Kh8 15. h4
f5 16. gxf6 gxf6 17. f4 Rg8 18. Nge4 Bf5 19. Nxc5 bxc5 20. Bd3 Qd7 21. Rdf1 Bh3
22. Rf2 Na6 23. a3 Raf8 24. Nb5 Bd8 25. Nxd6 Bg4 26. Ne4 Qe7 27. fxe5 fxe5 28.
Bg5 Rxf2 29. Qxf2 Qg7 30. Bxd8 Rxd8 31. Qf6 1-0

[Event "Karpos Open 2013"]
[Site "Skopje MKD"]
[Date "2013.03.10"]
[Round "2.42"]
[White "Indjic, Aleksandar"]
[Black "Veleski, Robert"]
[Result "1-0"]
[WhiteTitle "IM"]
[BlackTitle "FM"]
[WhiteElo "2502"]
[BlackElo "2267"]
[WhiteFideId "911925"]
[BlackFideId "15001008"]
[EventDate "2013.03.09"]

1. d4 Nf6 2. Nf3 d5 3. c4 e6 4. Nc3 Be7 5. Bg5 O-O 6. e3 Nbd7 7. cxd5 Nxd5 8.
Bxe7 Qxe7 9. Qb3 Qb4 10. Qxb4 Nxb4 11. O-O-O c5 12. a3 Nc6 13. Bb5 Ncb8 14. dxc5
Nxc5 15. b4 Ncd7 16. Rd6 a6 17. Be2 Nf6 18. Ne5 Nbd7 19. Nc4 Ra7 20. Rhd1 b5 21.
Na5 Rc7 22. Kb2 Ne5 23. h3 Bd7 24. f4 Ng6 25. Rxa6 Rfc8 26. Bxb5 Rxc3 27. Bxd7
Nxd7 28. Rxd7 Rxe3 29. Rc6 Rf8 30. Rd4 e5 31. fxe5 Nxe5 32. Rc3 Re2+ 33. Rc2 Re1
34. Nc4 f6 35. b5 Rb8 36. a4 Kf7 37. Nxe5+ fxe5 38. Rd6 Ke7 39. Ra6 Rb7 40. b6
Kd6 41. a5 Rf1 42. Ra8 e4 43. Rd8+ Ke5 44. Rc7 Rf7 45. Rxf7 Rxf7 46. a6 1-0

[Event "Karpos Open 2013"]
[Site "Skopje MKD"]
[Date "2013.03.10"]
[Round "2.43"]
[White "Sorgic, Dragan"]
[Black "Mastrovasilis, Athanasios"]
[Result "0-1"]
[WhiteTitle "FM"]
[BlackTitle "GM"]
[WhiteElo "2232"]
[BlackElo "2497"]
[WhiteFideId "909360"]
[BlackFideId "4201990"]
[EventDate "2013.03.09"]

1. e4 e5 2. Nf3 Nc6 3. Bb5 a6 4. Ba4 Nf6 5. O-O b5 6. Bb3 Bc5 7. Nxe5 Nxe5 8. d4
Bxd4 9. Qxd4 d6 10. Qe3 O-O 11. Nc3 Bb7 12. Nd5 Re8 13. Qf4 Bxd5 14. exd5 Ned7
15. Qf3 Re4 16. Bg5 Qe7 17. h3 Qe5 18. Bd2 Qxb2 19. a4 b4 20. a5 Nc5 21. Rab1
Qe5 22. Ba2 Rb8 23. Rfd1 Rb5 24. c4 Rxa5 25. Bb3 Nxb3 26. Bxb4 Nd4 27. Rxd4 Qxd4
28. Bxa5 Qxc4 29. Bc3 Re8 30. Bxf6 gxf6 31. Qxf6 Qxd5 32. Rc1 Qe5 33. Qf3 c5 34.
Rc4 Re6 35. Rf4 Re7 36. Qg4+ Kh8 37. Qc8+ Re8 38. Qd7 f5 0-1

[Event "Karpos Open 2013"]
[Site "Skopje MKD"]
[Date "2013.03.10"]
[Round "2.44"]
[White "Drenchev, Petar"]
[Black "Vucinic, Gojko"]
[Result "1-0"]
[WhiteTitle "GM"]
[WhiteElo "2491"]
[BlackElo "2253"]
[WhiteFideId "2903261"]
[BlackFideId "945374"]
[EventDate "2013.03.09"]

1. e4 c5 2. Nf3 d6 3. d4 cxd4 4. Nxd4 Nf6 5. Nc3 g6 6. Be3 Bg7 7. f3 Nc6 8. Qd2
O-O 9. O-O-O d5 10. Qe1 e5 11. Nxc6 bxc6 12. exd5 cxd5 13. Bg5 Be6 14. Bc4 Qc7
15. Bxf6 dxc4 16. Bxg7 Kxg7 17. g4 f6 18. h4 Rfd8 19. Rxd8 Rxd8 20. g5 fxg5 21.
hxg5 Bf5 22. Qe3 Kg8 23. Re1 Qd7 24. Rd1 Qc7 25. Nd5 Qb8 26. Nf6+ Kf7 27. Rxd8
Qxd8 28. Qxa7+ Ke6 29. Qa6+ Kf7 30. Qb7+ Ke6 31. Qc6+ Kf7 32. Qxc4+ Be6 33. Qc5
h5 34. Qa7+ Qe7 35. Qb8 Qc5 36. Qg8+ Ke7 37. Qe8+ 1-0

[Event "Karpos Open 2013"]
[Site "Skopje MKD"]
[Date "2013.03.10"]
[Round "2.45"]
[White "Koksal, Ege"]
[Black "Berescu, Alin-Mile"]
[Result "0-1"]
[WhiteTitle "CM"]
[BlackTitle "GM"]
[WhiteElo "2220"]
[BlackElo "2477"]
[WhiteFideId "6317626"]
[BlackFideId "1204920"]
[EventDate "2013.03.09"]

1. d4 e6 2. Nf3 d5 3. c4 c6 4. Bg5 Nf6 5. Nc3 h6 6. Bxf6 Qxf6 7. e3 Nd7 8. Rc1
Qe7 9. Bd3 g6 10. O-O dxc4 11. Bxc4 Bg7 12. e4 O-O 13. Re1 e5 14. d5 Nb6 15.
dxc6 bxc6 16. Bf1 Rb8 17. Qc2 h5 18. Nd1 Bg4 19. Nd2 Rfd8 20. Ne3 Bh6 21. Ndc4
Nxc4 22. Bxc4 Rd4 23. h3 Bd7 24. Rcd1 Qg5 25. Kh1 Qh4 26. Rxd4 exd4 27. Nf1 Bf4
28. Nh2 Qe7 29. Nf3 c5 30. b3 Kg7 31. Bd5 Qd6 32. Rd1 Rc8 33. Ne1 f6 34. Nd3 g5
35. g3 Be5 36. f4 gxf4 37. gxf4 Bxf4 38. Rg1+ Bg3 39. Bb7 Rc7 40. e5 Bc6+ 41.
Bxc6 Qxc6+ 42. Rg2 Qf3 43. Kg1 fxe5 44. Re2 Rf7 45. Qd1 e4 46. Nxc5 Bf2+ 0-1

[Event "Karpos Open 2013"]
[Site "Skopje MKD"]
[Date "2013.03.10"]
[Round "2.48"]
[White "Raznikov, Danny"]
[Black "Klemencic, Gorazd"]
[Result "1-0"]
[WhiteTitle "IM"]
[WhiteElo "2474"]
[BlackElo "2225"]
[WhiteFideId "2811154"]
[BlackFideId "14600820"]
[EventDate "2013.03.09"]

1. d4 Nf6 2. c4 e6 3. Nc3 Bb4 4. e3 b6 5. Ne2 Bb7 6. a3 Bxc3+ 7. Nxc3 d5 8. cxd5
exd5 9. Be2 Nbd7 10. O-O O-O 11. b4 Qe7 12. Qb3 a6 13. a4 c6 14. a5 b5 15. f3
Rfe8 16. Bd3 Nf8 17. Ra2 Rad8 18. g4 Bc8 19. Rg2 h6 20. Ne2 N6h7 21. Bd2 Rd6 22.
Ng3 g6 23. Qd1 Kh8 24. Kh1 Ne6 25. Qe1 Ng7 26. Qf2 Rf8 27. e4 dxe4 28. Nxe4 Rd5
29. Re1 Qd8 30. Bxh6 f5 31. gxf5 Bxf5 32. Ng5 Bxd3 33. Bxg7+ Kxg7 34. Ne6+ 1-0

[Event "Karpos Open 2013"]
[Site "Skopje MKD"]
[Date "2013.03.10"]
[Round "2.49"]
[White "Ashiku, Franc"]
[Black "Kadric, Denis"]
[Result "0-1"]
[BlackTitle "IM"]
[WhiteElo "2202"]
[BlackElo "2473"]
[WhiteFideId "4700066"]
[BlackFideId "14403803"]
[EventDate "2013.03.09"]

1. d4 g6 2. c4 Bg7 3. e4 d6 4. Nc3 e5 5. d5 a5 6. Be3 Na6 7. Qd2 f5 8. f3 Bh6 9.
Bxh6 Qh4+ 10. g3 Qxh6 11. exf5 Bxf5 12. Qxh6 Nxh6 13. g4 Bd7 14. Ne4 Ke7 15. h4
Nb4 16. Kd2 c6 17. c5 cxd5 18. Nxd6 b6 19. Re1 Nc6 20. Nb5 bxc5 21. Nc7 Rab8 22.
Nxd5+ Kd6 23. Nf6 Rxb2+ 24. Kc3 Rxa2 25. Ne4+ Ke7 26. Nxc5 Rb8 27. Bd3 Nf7 28.
Nh3 Nd4 29. Rb1 Rc8 30. Kc4 Be6+ 0-1

[Event "Karpos Open 2013"]
[Site "Skopje MKD"]
[Date "2013.03.10"]
[Round "2.50"]
[White "Baron, Tal"]
[Black "Bogoevski, Jani"]
[Result "1-0"]
[WhiteTitle "GM"]
[BlackTitle "FM"]
[WhiteElo "2465"]
[BlackElo "2217"]
[WhiteFideId "2809958"]
[BlackFideId "15000435"]
[EventDate "2013.03.09"]

1. e4 e6 2. d4 d5 3. Nc3 dxe4 4. Nxe4 Bd7 5. Nf3 Bc6 6. Neg5 Nd7 7. Nxf7 Kxf7 8.
Ng5+ Ke8 9. Bd3 Ngf6 10. Nxe6 Qe7 11. O-O Qxe6 12. Re1 Ne4 13. f3 Qd6 14. c3 Be7
15. fxe4 Bd8 16. Qf3 Nf6 17. Bf4 Qd7 18. d5 Bxd5 1-0

[Event "Karpos Open 2013"]
[Site "Skopje MKD"]
[Date "2013.03.10"]
[Round "2.51"]
[White "Ilic, Ljubomir"]
[Black "Arnaudov, G. Petar"]
[Result "0-1"]
[WhiteTitle "FM"]
[BlackTitle "IM"]
[WhiteElo "2198"]
[BlackElo "2468"]
[WhiteFideId "15000540"]
[BlackFideId "2907127"]
[EventDate "2013.03.09"]

1. e4 e5 2. Nf3 Nc6 3. Bb5 a6 4. Bxc6 dxc6 5. O-O Qf6 6. d4 exd4 7. Qxd4 Qxd4 8.
Nxd4 Bd7 9. Be3 O-O-O 10. Nc3 Re8 11. f3 Bb4 12. Nde2 f5 13. a3 Bd6 14. Bd4 Nf6
15. Ng3 f4 16. Nge2 Rhf8 17. e5 Bxe5 18. Bxe5 Rxe5 19. Nxf4 Bf5 20. Nd3 Bxd3 21.
cxd3 Rd8 22. Rad1 Nd5 23. Nxd5 Rexd5 24. Rfe1 c5 25. Re7 b5 26. Rc1 R8d7 27.
Rxd7 Kxd7 28. Rc3 a5 29. a4 b4 0-1

[Event "Karpos Open 2013"]
[Site "Skopje MKD"]
[Date "2013.03.10"]
[Round "2.52"]
[White "Drazic, Sinisa"]
[Black "Jankov, Dejan"]
[Result "1-0"]
[WhiteTitle "GM"]
[WhiteElo "2459"]
[BlackElo "2207"]
[WhiteFideId "901172"]
[BlackFideId "15000931"]
[EventDate "2013.03.09"]

1. Nc3 e5 2. Nf3 Nc6 3. d4 exd4 4. Nxd4 Bc5 5. Nb3 Bb6 6. a4 a6 7. Nd5 Ba7 8.
Bf4 d6 9. e3 Nge7 10. c4 Bf5 11. Be2 O-O 12. O-O Nxd5 13. cxd5 Ne5 14. Qd2 Re8
15. Na5 Rb8 16. Ra3 Bb6 17. b4 Qf6 18. Rc1 Re7 19. Rac3 g5 20. Bg3 Qh6 21. Nb3
Rc8 22. a5 Ba7 23. b5 axb5 24. Bxb5 Bb8 25. Nd4 Bg6 26. a6 bxa6 27. Bxa6 Rf8 28.
Bxe5 dxe5 29. Nc6 Ree8 30. Rb3 Bf5 31. Qb2 Ba7 32. Bb5 Bb6 33. Nxe5 Rd8 34. Nc6
Rde8 35. Bd3 Bd7 36. Ne5 Re7 37. Nc4 Bc5 38. g3 g4 39. Ne5 Bb6 40. Nxd7 Rxd7 41.
Bf5 Rxd5 42. Bxg4 Qg7 43. Qe2 Qf6 44. Rb4 Rfd8 45. Rf4 Qe5 46. Bf5 Kh8 47. Qh5
Qg7 48. Rg4 1-0

[Event "Karpos Open 2013"]
[Site "Skopje MKD"]
[Date "2013.03.10"]
[Round "2.53"]
[White "Arat, Ufuk Sezen"]
[Black "Kohlweyer, Bernd"]
[Result "0-1"]
[BlackTitle "IM"]
[WhiteElo "2188"]
[BlackElo "2458"]
[WhiteFideId "6309089"]
[BlackFideId "4600622"]
[EventDate "2013.03.09"]

1. d4 Nf6 2. Nf3 e6 3. Nbd2 d5 4. e3 b6 5. c3 Bb7 6. Ne5 g6 7. Bb5+ c6 8. Bd3
Bg7 9. b4 O-O 10. a4 Nfd7 11. f4 Nxe5 12. fxe5 f6 13. exf6 Qxf6 14. Nf3 e5 15.
e4 exd4 16. Bg5 Qe6 17. cxd4 c5 18. e5 Nc6 19. O-O Nxb4 20. Be3 Nxd3 21. Qxd3 c4
22. Qd2 Qe7 23. Bg5 Qd7 24. Rae1 Rae8 25. Bf6 Qc6 26. Qb4 Bc8 27. Bxg7 Kxg7 28.
Ng5 Rf5 29. Rxf5 Bxf5 30. e6 Bxe6 31. Re5 Bf7 32. Qc3 Rxe5 33. dxe5 Qc5+ 34. Kf1
d4 35. Qf3 Qe7 36. Qf4 h6 37. Ne4 d3 38. Nd6 Be6 39. Nxc4 Bxc4 40. Qxc4 Qf7+ 0-1

[Event "Karpos Open 2013"]
[Site "Skopje MKD"]
[Date "2013.03.10"]
[Round "2.54"]
[White "Perunovic, Miodrag"]
[Black "Petrov, Georgi"]
[Result "1-0"]
[WhiteTitle "IM"]
[WhiteElo "2445"]
[BlackElo "2200"]
[WhiteFideId "919993"]
[BlackFideId "15001440"]
[EventDate "2013.03.09"]

1. d4 d5 2. c4 e6 3. Nc3 Be7 4. Nf3 Nf6 5. Bg5 c6 6. e3 Nbd7 7. cxd5 exd5 8. Bd3
O-O 9. Qc2 Re8 10. O-O Nf8 11. Rab1 Nh5 12. Bxe7 Qxe7 13. b4 a6 14. a4 Bd7 15.
b5 axb5 16. axb5 g6 17. Rfc1 Ng7 18. bxc6 bxc6 19. Na4 f6 20. Nb6 Ra3 21. Nxd7
Nxd7 22. Rb7 Qd6 23. g3 Rb8 24. Rcb1 Rxb7 25. Rxb7 Ne6 26. Bxg6 hxg6 27. Qxg6+
Kf8 28. Nh4 Nd8 29. Qh6+ Ke8 30. Qh5+ Nf7 31. Nf5 Qf8 32. Qg4 Ra1+ 33. Kg2 Nd6
34. Rc7 Kd8 35. Rxc6 Nxf5 36. Qxf5 Qf7 37. h4 Ra7 38. h5 Ke7 39. Rc8 Nf8 40. h6
Rd7 41. Qc2 Nh7 42. Rh8 Ke6 43. Qc8 f5 44. Re8+ Kf6 45. Qc6+ Kg5 46. Re6 Re7 47.
Rd6 Nf6 48. f4+ Kg6 49. h7 Kxh7 50. Rxf6 Qh5 51. Qc2 1-0